000 00931nam a2200265Ia 4500
003 OSt
005 20221005110947.0
006 a|||||r|||| 00| 0
007 ta
008 221004b |||||||| |||| 00| 0 hin d
020 _a9788183614399 (hbk)
_cINR 200.00
024 _a29579
037 _b282, 03/03/2017, Eastern Book Linkers
_cTextual
040 _aCRL
_cCRL
_bhin
041 _2hin
_ahin
082 _aO152,2N514,AT, Q1
100 _aभारती, रवीन्द्र, ले.
245 0 _aअगिन तिरिया
246 _aAgin tiriyā
260 _aनई दिल्ली
_bराधाकृष्ण भारत
_c2011
300 _a143पृ0
_ccm.
650 _aहिन्दी नाटक
942 _hO152,2N514,AT, Q1
_cTEXL
_2cc
999 _c1020387
_d1020387